000 00600nam a2200241Ia 4500
003 OSt
005 20221007103234.0
006 a|||||r|||| 00| 0
007 ta
008 221006b |||||||| |||| 00| 0 hin d
024 _a12,607
037 _cTextual
040 _aLCO
_cLCO
_bhin
041 _2hin
_ahin
082 _aZ2,315, N5
100 _aBabel B.L.
245 0 _aBhagidari Adhiniyam
260 _aAllahabad
_bAllahabad Law Agency India
_c1995
300 _a120
650 _aPARTNERSHIP
942 _hZ2,315, N5
_cTEXL
999 _c1182170
_d1182170